International relations theory / (Record no. 23072)
[ view plain ]
| 000 -LEADER | |
|---|---|
| fixed length control field | 01071cam a22003375a 4500 |
| 001 - CONTROL NUMBER | |
| control field | 016601972 |
| 003 - CONTROL NUMBER IDENTIFIER | |
| control field | OSt |
| 005 - DATE AND TIME OF LATEST TRANSACTION | |
| control field | 20201128023959.0 |
| 008 - FIXED-LENGTH DATA ELEMENTS--GENERAL INFORMATION | |
| fixed length control field | 140521t2014 enk frb 001 0 eng d |
| 020 ## - INTERNATIONAL STANDARD BOOK NUMBER | |
| International Standard Book Number | 9781292027630 |
| 020 ## - INTERNATIONAL STANDARD BOOK NUMBER | |
| International Standard Book Number | 1292027630 |
| 040 ## - CATALOGING SOURCE | |
| Original cataloging agency | StDuBDS |
| Language of cataloging | eng |
| Transcribing agency | StDuBDS |
| Modifying agency | Uk |
| -- | EG-ScBUE |
| -- | EG-ScBUE |
| 082 04 - DEWEY DECIMAL CLASSIFICATION NUMBER | |
| Classification number | 327 |
| Item number | VIO |
| Edition number | 22 |
| 100 1# - MAIN ENTRY--PERSONAL NAME | |
| Personal name | Viotti, Paul R. |
| 245 10 - TITLE STATEMENT | |
| Title | International relations theory / |
| Statement of responsibility, etc | Paul R. Viotti, Mark V. Kauppi. |
| 250 ## - EDITION STATEMENT | |
| Edition statement | 5th ed., Pearson new international ed. |
| 260 ## - PUBLICATION, DISTRIBUTION, ETC. (IMPRINT) | |
| Place of publication, distribution, etc | Harlow : |
| Name of publisher, distributor, etc | Pearson Education Limited, |
| Date of publication, distribution, etc | c.2014. |
| 300 ## - PHYSICAL DESCRIPTION | |
| Extent | ii, 426 p. ; |
| Dimensions | 28 cm. |
| 490 0# - Series Statement | |
| Series statement | Pearson custom library |
| 500 ## - GENERAL NOTE | |
| General note | Index : p. 419-426.<br/> |
| 500 ## - GENERAL NOTE | |
| General note | Glossary : p. 389-418. |
| 504 ## - BIBLIOGRAPHY, ETC. NOTE | |
| Bibliography, etc | Includes bibliographical references. |
| 590 ## - LOCAL NOTE (RLIN) | |
| Local note | SAMEH |
| 650 #7 - SUBJECT ADDED ENTRY--TOPICAL TERM | |
| Topical term or geographic name as entry element | International economic relations. |
| Source of heading or term | BUEsh |
| 9 (RLIN) | 3036 |
| 650 #7 - SUBJECT ADDED ENTRY--TOPICAL TERM | |
| Topical term or geographic name as entry element | International relations |
| General subdivision | examinations. |
| Source of heading or term | BUEsh |
| 651 ## - SUBJECT ADDED ENTRY--GEOGRAPHIC NAME | |
| Source of heading or term | BUEsh |
| 653 ## - INDEX TERM--UNCONTROLLED | |
| Resource For college | BAEPS, Business Administration |
| Arrived date list | November2016 |
| Resource For college | BAEPS, Political Science |
| Arrived date list | October2017 |
| 655 ## - INDEX TERM--GENRE/FORM | |
| Form subdivision | Text book |
| -- | 33728 |
| 700 1# - ADDED ENTRY--PERSONAL NAME | |
| Personal name | Kauppi, Mark V. |
| 942 ## - ADDED ENTRY ELEMENTS (KOHA) | |
| Source of classification or shelving scheme | Dewey Decimal Classification |
| Withdrawn status | Item status | Source of classification or shelving scheme | Damaged status | Not for loan | Vendor | Home library | Current library | Shelving location | Date acquired | Source of acquisition | Cost, normal purchase price | Serial Enumeration / chronology | Total Checkouts | Total Renewals | Full call number | Barcode | Date last seen | Date last borrowed | Cost, replacement price | Koha item type |
|---|---|---|---|---|---|---|---|---|---|---|---|---|---|---|---|---|---|---|---|---|
| Dewey Decimal Classification | Baccah | Central Library | Central Library | First floor | 09/11/2016 | Purchase | 352.00 | 3648 | 1 | 1 | 327 VIO | 000034259 | 15/07/2025 | 01/02/2017 | 440.00 | NB - Book (Non borrowing) | ||||
| Dewey Decimal Classification | Baccah | Central Library | Central Library | First floor | 30/10/2017 | Purchase | 550.00 | 327 VIO | 000042336 | 15/07/2025 | NB - Book (Non borrowing) | |||||||||
| Dewey Decimal Classification | Baccah | Central Library | Central Library | First floor | 30/10/2017 | Purchase | 327 VIO | 000042337 | 15/07/2025 | Book - Borrowing | ||||||||||
| Dewey Decimal Classification | Baccah | Central Library | Central Library | First floor | 30/10/2017 | Purchase | 327 VIO | 000042338 | 15/07/2025 | Book - Borrowing | ||||||||||
| Dewey Decimal Classification | Baccah | Central Library | Central Library | First floor | 30/10/2017 | Purchase | 327 VIO | 000042339 | 15/07/2025 | Book - Borrowing |